| 000 | 01097cac a2200301 i 4500 | ||
|---|---|---|---|
| 003 | EG-ScBUE | ||
| 005 | 20250616134140.0 | ||
| 008 | 171113s1969 ru a frb 001 0 eng d | ||
| 040 |
_aEG-ScBUE _beng _erda _cEG-ScBUE _dEG-ScBUE |
||
| 041 | 1 |
_aeng _hrus |
|
| 082 | 0 | 4 |
_a536.2 _bISA _222 |
| 100 | 1 |
_aIsachenko, V. P. _c(Viktor Pavlovich) _eauthor. |
|
| 245 | 1 | 0 |
_aHeat transfer / _cV. Isachenko, V. Osipova, A. Sukomel and translated from the Russian by S. Semyonov. |
| 264 | 1 |
_aMoscow : _bMir Publishers, _c1969. |
|
| 300 |
_a552 pages : _billustrations ; _c22 cm |
||
| 336 |
_2rdacontent _atext _btxt |
||
| 337 |
_aunmediated _2rdamedia _bn |
||
| 338 |
_avolume _bnc _2rdacarrier |
||
| 504 | _aIncludes bibliographical references and index. | ||
| 546 | _aText in English ; translated from original Russian. | ||
| 650 | 7 |
_2BUEsh _aHeat _xTransmission. |
|
| 653 |
_bGGEN _cNovember2017 |
||
| 700 | 1 |
_aOsipova, Varvara Aleksandrovna, _eauthor. |
|
| 700 | 1 |
_aSukomel, A. S., _eauthor. |
|
| 700 | 1 |
_aSemyonov, S., _etranslator. |
|
| 942 |
_cBB _2ddc |
||
| 999 |
_c3480 _d3480 |
||